000 00649nam a2200277Ia 4500
005 20260324150530.0
008 008 260324s9999 xx 000 0 eng d
020 _a9780203515167
037 _aEBOOK
040 _aCRL
040 _beng
040 _cCRL
041 _2eng
041 _aeng
084 _qCRL
100 _aPeter Odell
_91165272
245 3 _aAn Economic Geography of Oil (Routledge Revivals)
260 _bTaylor and Francis
260 _c1963
365 _a
365 _b240
856 _uhttp://www.taylorfrancis.com/books/9780203515167
942 _cEBOOK
999 _c1836349
_d1836349